|
|
|
|
| LEADER |
00000nam0a2200000 4500 |
| 001 |
313041 |
| 005 |
20231102002538.0 |
| 035 |
|
|
|a (RuTPU)RU\TPU\book\338424
|
| 090 |
|
|
|a 313041
|
| 100 |
|
|
|a 20160112d2015 k y0rusy50 ca
|
| 101 |
0 |
|
|a rus
|
| 102 |
|
|
|a RU
|
| 105 |
|
|
|a a dm 001zy
|
| 200 |
1 |
|
|a Гидрогеохимия северо-восточной части Колывань-Томской складчатой зоны
|e автореферат диссертации на соискание ученой степени кандидата геолого-минералогических наук
|e спец. 25.00.07
|f Ю. В. Колубаева
|g Национальный исследовательский Томский политехнический университет (ТПУ) ; науч. рук. С. Л. Шварцев
|
| 210 |
|
|
|a Томск
|c [Б. и.]
|d 2015
|
| 215 |
|
|
|a 22 с.
|c ил.
|
| 300 |
|
|
|a Защита сост. 25.12.2015 г.
|
| 320 |
|
|
|a Библиогр.: с. 21-22 (14 назв.).
|
| 452 |
|
1 |
|0 (RuTPU)RU\TPU\book\333519
|t Гидрогеохимия северо-восточной части Колывань-Томской складчатой зоны
|o автореферат диссертации на соискание ученой степени кандидата геолого-минералогических наук
|o спец. 25.00.07
|f Ю. В. Колубаева
|g Национальный исследовательский Томский политехнический университет (ТПУ), Институт природных ресурсов (ИПР), Кафедра гидрогеологии, инженерной геологии и гидрогеоэкологии (ГИГЭ) ; науч. рук. С. Л. Шварцев
|c Томск
|d 2015
|a Колубаева, Юлия Викторовна
|
| 606 |
1 |
|
|a Гидрогеохимия
|2 stltpush
|3 (RuTPU)RU\TPU\subj\6645
|9 34475
|
| 610 |
1 |
|
|a Колывань-Томская складчатая зона
|
| 610 |
1 |
|
|a изученность
|
| 610 |
1 |
|
|a геологическое строение
|
| 610 |
1 |
|
|a физико-географические условия
|
| 610 |
1 |
|
|a гидрогеологические исследования
|
| 610 |
1 |
|
|a природные воды
|
| 610 |
1 |
|
|a химический состав
|
| 610 |
1 |
|
|a преобразование
|
| 610 |
1 |
|
|a антропогенные нагрузки
|
| 610 |
1 |
|
|a химические элементы
|
| 610 |
1 |
|
|a миграция
|
| 610 |
1 |
|
|a геохимия
|
| 610 |
1 |
|
|a авторефераты диссертаций
|
| 610 |
1 |
|
|a труды учёных ТПУ
|
| 675 |
|
|
|a 550.46(04)
|v 3
|
| 686 |
|
|
|a 25.00.07
|2 oksvnk
|
| 700 |
|
1 |
|a Колубаева
|b Ю. В.
|c гидрогеолог
|c инженер Томского политехнического университета, аспирант
|f 1981-
|g Юлия Викторовна
|2 stltpush
|3 (RuTPU)RU\TPU\pers\30513
|
| 702 |
|
1 |
|a Шварцев
|b С. Л.
|c российский гидрогеолог, доктор геолого-минералогических наук
|c профессор Томского политехнического университета, академик РАЕН
|f 1936-
|g Степан Львович
|2 stltpush
|3 (RuTPU)RU\TPU\pers\25914
|4 727
|
| 712 |
0 |
2 |
|a Национальный исследовательский Томский политехнический университет (ТПУ)
|c (2009- )
|2 stltpush
|3 (RuTPU)RU\TPU\col\15902
|
| 801 |
|
1 |
|a RU
|b 63413507
|c 20160112
|
| 801 |
|
2 |
|a RU
|b 63413507
|c 20160202
|g RCR
|
| 942 |
|
|
|c BK
|